| 000 | 00441cam a2200181ua 4500 | ||
|---|---|---|---|
| 020 | _c50.00 | ||
| 041 |
_aeng _h |
||
| 082 |
_a515.9 _bKHA/FU |
||
| 100 | _aKhanna, M L . | ||
| 245 |
_aFunctions of a complex variable / _cM L Khanna. _hTextual Documents |
||
| 250 |
_a8 / _b. |
||
| 260 |
_aMeerut : _bJai Prakash Nath & Co. , _c1992. |
||
| 300 | _a534 ; . | ||
| 365 | _a50.00 | ||
| 504 | _a | ||
| 942 | _cBK | ||
| 999 |
_c2928 _d2928 |
||